00201nam a2200073Ia 4500082000800000245002700008100005100035008004100086 aMUR 0aOntsluit die grendels  a MURRAY, Ena Pretoria, 1990 Grootdrukuitg 210817s9999 xx 000 0 und d